000 00694nam a2200217Ia 4500
999 _c41600
_d41600
001 8269
003 GE_BSU
005 20221114103459.0
008 181216s2013||||ge |||||||||||||| ||geo||
020 _a9781903128794x
041 _ageo
080 _a811.111'36(075.8) E-93
100 _aEvans, Virginia,
_93157
245 _aEnterprise Grammar 4 : Student's Book /
_cVirginia Evans ; Jenny Dooley.
264 _aMade in EU :
_bExpress Publishing,
_c2013.
300 _a160 p .:
_bill,
_c27 cm.
653 _aEnterprise Grammar 4 : Student's Book
653 _aინგლისური ენის გრამატიკა
700 _aDooley Jenny
_93165
942 _cBK
_2udc